Country Names in Neighboring Languages Quiz Stats

 Plays Quiz Updated Aug 11, 2015

Score 0/20 Timer 07:00
10 Plays Today
This country's neighbors know it as... The country is... % Correct
[Francia] [Frankreich] [Frantscha] [Frankrijk] [Frankräich] [França] [Frankrijk]France
99.9%
[Norja] [Норвегия] [Norge]Norway
98.1%
[Svizzera] [Schweiz] [Suisse]Switzerland
95.7%
[Бугариja] [Bulgaristan] [Бугарска] [Βουλγαρία]Bulgaria
95.2%
[Estados Unidos] [États-Unis]United States of America
94.6%
[Թուրքիա] [Турция] [تركيا] [ترکیه] [Türkiyə] [Τουρκία] [თურქეთი]Turkey
94.6%
[Ubugande] [Ouganda]Uganda
94.3%
[Espanya] [Espanha] [Espagne] [إسبانيا]Spain
93.3%
[Tyskland] [Duitsland] [Allemagne] [Däitschland] [Niemcy] [Germania] [Německo]Germany
90.9%
[Северная Корея] [北朝鲜] [북한]North Korea
82.6%
This country's neighbors know it as... The country is... % Correct
[Erebistana Siyûdî] [العربية السعودية]Saudi Arabia
74.9%
[吉尔吉斯斯坦] [Қирғизистон] [Qirgʻiziston] [Қырғызстан] [Киргизия]Kyrgyzstan
67.5%
[Монголия] [蒙古]Mongolia
59.3%
[Իրան] [ايران]Iran
52.6%
[ຫວຽດນາມ] [越南] [ប្រទេសវៀតណាម]Vietnam
46.6%
[རྒྱ་གར] [بھارت] [ভারত] [印度] [भारत]India
39%
[नेपाल] [尼泊尔]Nepal
37.8%
[An Ríocht Aontaithe]United Kingdom
35.3%
[Itoobiya] [Uhabeshi] [أثيوبيا]Ethiopia
25.7%
[Crna Gora] [Mali i Zi] [Црна Гора]Montenegro
23.7%

You're not logged in!

Compare scores with friends on all Sporcle quizzes.
OR
Log In

Sporcle TV

Today on Sporcle TV


Watch our educational content, quiz creation guides, and fun videos on Sporcle TV.

Show Comments

Extras

Top Quizzes Today


Score Distribution

Your Account Isn't Verified!

In order to create a playlist on Sporcle, you need to verify the email address you used during registration. Go to your Sporcle Settings to finish the process.

Report this User

Report this user for behavior that violates our Community Guidelines.

Details: